| 000 | 01032cam a2200277 a 4500 | ||
|---|---|---|---|
| 008 | |||
| 020 | _a9780750680233 (pbk.) | ||
| 049 | _aMAIN | ||
| 090 |
_aKF1446 _bHOL. |
||
| 100 | 1 | _aHolt, Michael F. | |
| 245 | 1 | 4 |
_aThe Sarbanes-Oxley Act : _bcosts, benefits and business impact / _cMichael F. Holt. |
| 260 |
_aAmsterdam : _bCIMA, _c2008. |
||
| 300 |
_aiii, 213 p. ; _c24 cm. |
||
| 500 | _aIncludes index. | ||
| 504 | _aIncludes bibliographical references. | ||
| 650 | 0 |
_aCorporations _xAccounting _xLaw and legislation _zUnited States. |
|
| 650 | 0 |
_aFinancial statements _xLaw and legislation _zUnited States. |
|
| 650 | 0 |
_aDirectors of corporations _xLegal status, laws, etc. _zUnited States. |
|
| 650 | 0 |
_aDisclosure of information _xLaw and legislation _zUnited States. |
|
| 650 | 0 |
_aCorporate governance _xLaw and legislation _zUnited States. |
|
| 907 |
_a.b10349339 _b27-11-14 _c17-11-14 |
||
| 003 | |||
| 005 | 20230123122116.0 | ||
| 040 | _cNUST | ||
| 942 |
_cBOOKS _kKF1446 _mHOL. |
||
| 999 |
_c127949 _d127949 |
||